=LDR 00000nam 2200000 4500 =001 INLIS000000000023936 =005 20200706015831 =035 ##$$a 0010-061300000023936 =008 200706################g##########0#ind## =041 ##$$a ind =082 ##$$a 297.61 =090 ##$$a 297.61, AMI p =100 ##$$a Amin, M. Rusli =245 1#$$a Pencerahan Spiritual : $b Sukses membangun hidup damai dan bahagia /$c K. H. M. Rusli Amin, M.A =260 ##$$a Jakarta :$b Al-Mawardi Prima,$c 2003 =300 ##$$a xiii, 223 hlm. ; $c 21 x 14 cm. =650 #4$$a Pembinaan Moral =850 ##$$a NBPNMAT =020 ##$$a 979-9402-55-7 =084 ##$$a 297.61 AMI p =250 ##$$a cet. 2 =990 ##$$a 30503001 =990 ##$$a 30502999 =990 ##$$a 30503000